Préfectures et sous préfectures - Carte Quiz - Statistiques

Statistiques générales
  • Ce quiz a été pris 149 fois
  • Le résultat moyen est 79 sur 334
Réponses sur la Carte
Les réponses sont colorées sur une échelle allant du rouge au vert en fonction du pourcentage des utilisateurs qui les ont devinées à leur premier essai. Vous pouvez retrouver ces pourcentages ci-dessous.
 
Statistiques - réponses
Réponse % Correct
Angers
62%
Aix-en-Provence
58%
Ajaccio
58%
Annecy
58%
Albi
54%
Amiens
54%
Arcachon
50%
Belfort
50%
Alençon
46%
Angoulême
46%
Arras
46%
Auxerre
46%
Beauvais
46%
Bourg-en-Bresse
46%
Bourges
46%
Abbeville
42%
Blois
42%
Bobigny
42%
Bordeaux
42%
Brest
42%
Caen
42%
Cayenne
42%
Charleville-Mézières
42%
Agen
38%
Avignon
38%
Bar-le-Duc
38%
Basse-Terre
38%
Bastia
38%
Bayonne
38%
Besançon
38%
Calais
38%
Chambéry
38%
Chartres
38%
Clermont-Ferrand
38%
Laon
38%
Lille
38%
Lyon
38%
Alès
35%
Auch
35%
Aurillac
35%
Bayeux
35%
Béziers
35%
Boulogne-Billancourt
35%
Carcassonne
35%
Cergy-Pontoise
35%
Châlons-en-Champagne
35%
Cherbourg-en-Cotentin
35%
Colmar
35%
Créteil
35%
Dijon
35%
Fort-de-France
35%
Gap
35%
Grenoble
35%
La Rochelle
35%
Le Havre
35%
Lorient
35%
Mamoudzou
35%
Montpellier
35%
Nanterre
35%
Nantes
35%
Nice
35%
Orléans
35%
Paris
35%
Pau
35%
Perpignan
35%
Rennes
35%
Rouen
35%
Saint-Lô
35%
Saint-Malo
35%
Strasbourg
35%
Tarbes
35%
Toulon
35%
Vannes
35%
Versailles
35%
Vesoul
35%
Albertville
31%
Antony
31%
Arles
31%
Blaye
31%
Boulogne-sur-Mer
31%
Cahors
31%
Calvi
31%
Châteauroux
31%
Chaumont
31%
Dax
31%
Digne-les-Bains
31%
Épinal
31%
Évreux
31%
Évry-Courcouronnes
31%
Gex
31%
La Roche-sur-Yon
31%
Laval
31%
Le Mans
31%
Limoges
31%
Mâcon
31%
Marseille
31%
Melun
31%
Mende
31%
Metz
31%
Mont-de-Marsan
31%
Moulins
31%
Nancy
31%
Nevers
31%
Nîmes
31%
Reims
31%
Saint-Brieuc
31%
Tours
31%
Troyes
31%
Verdun
31%
Aubusson
27%
Avranches
27%
Bar-sur-Aube
27%
Brive-la-Gaillarde
27%
Corte
27%
Dunkerque
27%
Foix
27%
Fontainebleau
27%
Guéret
27%
Le Puy-en-Velay
27%
Les Sables-d’Olonne
27%
L’Haÿ-les-Roses
27%
Lons-le-Saunier
27%
Mantes-la-Jolie
27%
Meaux
27%
Montauban
27%
Niort
27%
Palaiseau
27%
Périgueux
27%
Pointe-à-Pitre
27%
Poitiers
27%
Pontivy
27%
Quimper
27%
Rodez
27%
Saint-Denis
27%
Saint-Denis
27%
Saint-Étienne
27%
Saint-Germain-en-Laye
27%
Saint-Nazaire
27%
Soissons
27%
Thonon-les-Bains
27%
Torcy
27%
Toulouse
27%
Tulle
27%
Valence
27%
Vichy
27%
Altkirch
23%
Apt
23%
Argelès-Gazost
23%
Beaune
23%
Bergerac
23%
Cambrai
23%
Carpentras
23%
Castres
23%
Château-Thierry
23%
Condom
23%
Dieppe
23%
Dinan
23%
Dole
23%
Draguignan
23%
Étampes
23%
Mulhouse
23%
Narbonne
23%
Privas
23%
Provins
23%
Rambouillet
23%
Saint-Dié-des-Vosges
23%
Saint-Jean-de-Maurienne
23%
Saint-Quentin
23%
Sedan
23%
Vienne
23%
Argentan
19%
Avallon
19%
Avesnes-sur-Helpe
19%
Béthune
19%
Briançon
19%
Castelsarrasin
19%
Chalon-sur-Saône
19%
Châteaulin
19%
Châtellerault
19%
Chinon
19%
Cholet
19%
Cognac
19%
Douai
19%
Dreux
19%
Épernay
19%
Florac
19%
Forbach
19%
Fougères
19%
Grasse
19%
Guingamp
19%
Istres
19%
Lannion
19%
Lens
19%
Le Raincy
19%
Libourne
19%
Lisieux
19%
Mauriac
19%
Mayenne
19%
Millau
19%
Montargis
19%
Montbéliard
19%
Montluçon
19%
Muret
19%
Nogent-sur-Marne
19%
Redon
19%
Roanne
19%
Saint-Claude
19%
Saint-Dizier
19%
Saintes
19%
Saint-Laurent-du-Maroni
19%
Sarrebourg
19%
Saumur
19%
Thionville
19%
Toul
19%
Villefranche-de-Rouergue
19%
Villefranche-sur-Saône
19%
Vire
19%
Barcelonnette
15%
Belley
15%
Bernay
15%
Bonneville
15%
Bressuire
15%
Brignoles
15%
Brioude
15%
Céret
15%
Châteaubriant
15%
Châteaudun
15%
Château-Gontier
15%
Clermont
15%
Commercy
15%
Compiègne
15%
Coutances
15%
Die
15%
Figeac
15%
Fontenay-le-Comte
15%
Issoire
15%
La Flèche
15%
Langon
15%
Langres
15%
Largentière
15%
La Tour-du-Pin
15%
Les Andelys
15%
Lesparre-Médoc
15%
Lunéville
15%
Mamers
15%
Mirande
15%
Montdidier
15%
Morlaix
15%
Mortagne-au-Perche
15%
Nantua
15%
Neufchâteau
15%
Nogent-sur-Seine
15%
Oloron-Sainte-Marie
15%
Pamiers
15%
Pontarlier
15%
Riom
15%
Rochefort
15%
Saint-Flour
15%
Saint-Gaudens
15%
Saint-Julien-en-Genevois
15%
Saint-Omer
15%
Sarcelles
15%
Sarlat-la-Canéda
15%
Sarreguemines
15%
Sartène
15%
Sélestat
15%
Senlis
15%
Sens
15%
Tournon-sur-Rhône
15%
Ussel
15%
Valenciennes
15%
Vervins
15%
Vierzon
15%
Villeneuve-sur-Lot
15%
Vitry-le-François
15%
Yssingeaux
15%
Ambert
12%
Argenteuil
12%
Bagnères-de-Bigorre
12%
Castellane
12%
Confolens
12%
Cosne-Cours-sur-Loire
12%
Forcalquier
12%
Gourdon
12%
Haguenau
12%
Jonzac
12%
La Trinité
12%
Le Vigan
12%
Limoux
12%
Loches
12%
Lodève
12%
Louhans
12%
Lure
12%
Marmande
12%
Montreuil
12%
Nogent-le-Rotrou
12%
Nontron
12%
Nyons
12%
Parthenay
12%
Pithiviers
12%
Prades
12%
Rethel
12%
Rochechouart
12%
Saint-Amand-Montrond
12%
Saint-Georges
12%
Saint-Girons
12%
Saint-Jean-d’Angély
12%
Segré
12%
Thann
12%
Thiers
12%
Val de Briey
12%
Vendôme
12%
Autun
8%
Bellac
8%
Charolles
8%
Château-Chinon
8%
Issoudun
8%
La Châtre
8%
Le Marin
8%
Molsheim
8%
Montbard
8%
Montbrison
8%
Montmorillon
8%
Péronne
8%
Romorantin-Lanthenay
8%
Saint-Benoît
8%
Saint-Paul
8%
Vouziers
8%
Clamecy
4%
Le Blanc
4%
Nérac
4%
Saint-Pierre
4%
Saverne
4%
Saint-Pierre
0%
Aucun quiz correspondant
Distribution des résultats
% des personnes avec chaque résultat
Percentile par nombre de réponses
Votre historique - résultats
Vous n’avez pas pris ce quiz